000 02264nam a2200457 c 4500
999 _c79025
_d79025
003 BLK
005 20250614103710.0
008 180408b bul|||||r ||||||| ||bul||
010 _aKNG00083497000
020 _a978-954-26-0846-2
040 _aBLK
041 _aBUL
_cBUL
072 7 _2bullib
_aН00
_xОбщ отдел Н
080 _aРазпространяване на научните знания - популяризиране на науката, занимателна наука, учение за явленията научно необяснени, заблуждения и фалшификации, илюзии и др. п., секретност на научните знания
_b001.9
_x(02.062)
_z001.9(02.062)
080 _aСтара и антична история
_b931
_x(02.062)
_z931(02.062)
080 _aИстория на цивилизацията. История на културата
_b930.85
_x.001.15(02.062)
_z930.85.001.15(02.062)
100 1 _aДжоузеф, Франк
_eпърви автор
_9371312
139 _aДжоузеф, Франк
_bД 52
245 1 0 _aОцелелите от Атлантида
_bВлиянието на атлантите върху древните цивилизации
_cФранк Джоузеф; прев. от англ. Стамен Стойчев.
257 _aBGR
260 _aПловдив
_bХермес
_c2010
_fХасково : Полиграфюг
300 _a304 с.
_bс ил., 3 л. : цв. ил.
_c22 см
380 _a0
490 1 _aЗагадки
500 _aОриг. загл. Survivors of Atlantis / Frank Joseph. - Библиогр. с. 290 - 303.
650 4 _aИстория, стара
_9245372
650 4 _aАтлантида
_9147823
653 _aантична история
653 _aдревни цивилизации
653 _aархеологични находки
653 _aАтлантида
659 _aН
700 1 _aСтойчев, Стамен Димов
_eпрев. от англ.
_9364706
852 _aЦб 253579
856 4 _qpdf
856 4 _qpdf
942 _cKNG
_n0
_s1
_08
944 _aCR
_c09.11.2011
_k30546
_lРенета Константинова
944 _aED
_c12.06.2012
999 _d79025